[Event "Niedersachsen-chT U16"]
[Site "Verden"]
[Date "2004.05.21"]
[Round "4.4"]
[White "Cassens, Madeline"]
[Black "Zaidok, Dimitri"]
[Result "1/2-1/2"]
[WhiteElo "1228"]
[BlackElo "1379"]
[PlyCount "35"]
[EventDate "2004.05.20"]
[EventType "team"]
[EventRounds "7"]
[EventCountry "GER"]
[SourceTitle "EXT 2005"]
[Source "ChessBase"]
[SourceDate "2004.11.15"]
[SourceVersion "1"]
[SourceVersionDate "2004.11.15"]
[SourceQuality "1"]
[WhiteTeam "03"]
[BlackTeam "06"]
[WhiteTeamCountry "GER"]
[BlackTeamCountry "GER"]

1. e4 d5 2. exd5 Qxd5 3. Nc3 Qd8 4. Bc4 g6 5. d3 Bg7 6. Bd2 Nf6 7. Nf3 0-0 8. Qe2 Bg4 9. h3 Bxf3 10. Qxf3 c6 11. 0-0-0 b5 12. Bxb5 Qb6 13. Bc4 Nbd7 14. Rde1 Rfb8 15. b3 Qc5 16. Qe3 Qa3+ 17. Kb1 e6 18. g4 1/2-1/2

[Event "Niedersachsen-chT U16"]
[Site "Verden"]
[Date "2004.05.20"]
[Round "2.4"]
[White "Guennigmann, Manuel"]
[Black "Zaidok, Dimitri"]
[Result "1/2-1/2"]
[WhiteElo "1383"]
[BlackElo "1379"]
[PlyCount "97"]
[EventDate "2004.05.20"]
[EventType "team"]
[EventRounds "7"]
[EventCountry "GER"]
[SourceTitle "EXT 2005"]
[Source "ChessBase"]
[SourceDate "2004.11.15"]
[SourceVersion "1"]
[SourceVersionDate "2004.11.15"]
[SourceQuality "1"]
[WhiteTeam "04"]
[BlackTeam "06"]
[WhiteTeamCountry "GER"]
[BlackTeamCountry "GER"]

1. e4 d5 2. exd5 Qxd5 3. Nc3 Qd8 4. Bc4 g6 5. d3 Bg7 6. f4 Nh6 7. Nf3 0-0 8. 0-0 c5 9. Kh1 Nf5 10. Bd2 Nc6 11. Rb1 a6 12. Re1 b5 13. Bb3 Bb7 14. Ne4 Qb6 15. Bc3 Ncd4 16. Bxd4 cxd4 17. Ne5 Bxe5 18. fxe5 Qc6 19. Qd2 Kg7 20. Re2 f6 21. exf6+ exf6 22. Ng3 Nxg3+ 23. hxg3 Rae8 24. Rbe1 Rxe2 25. Rxe2 Re8 26. Kg1 Re3 27. Rxe3 dxe3 28. Qe2 Qe8 29. c3 Qe5 30. Kh2 Bc8 31. Bd1 h5 32. d4 Qe4 33. Qf3 Qd3 34. Qc6 Qxd1 35. Qc7+ Kh6 36. Qf4+ Kg7 37. Qc7+ Kh6 38. Qf4+ Kg7 39. Qc7+ Bd7 40. Qxd7+ Kh6 41. Qe7 Qd2 42. Qf8+ Kg5 43. Qc5+ Kg4 44. Qc8+ f5 45. Qc6 Kg5 46. Qe6 Kh6 47. Qg8 e2 48. Qh8+ Kg5 49. Qd8+ 1/2-1/2